000 02104nam0a2200433 4500
001 RU\NLR\BIBL_A\022710627
005 20260408233226.0
035 _a(NLR Aleph) 022710627
090 _a13552868
_c13552868
100 _a20260123d1898 u y0rusy50 ca
101 0 _arus
102 _aRU
105 _ay a 000yy
135 _acrbn 001aacua
181 0 _ai
_baxxe
182 0 _ab
200 1 _aКраткая история 135-го пехотного Керчь-Еникольского полка
_fсоставлена подполковником Н. А. Гран
203 _aТекст
_bвизуальный
_cэлектронный
210 _aПавлоград
_cтипография Е. Д. Браиловского
_d1898
215 _a36, [1] с.
_cтабл.
_d22
300 _aЭл. копия создана на основе экземпляра РГБ
337 _aРесурс доступен в Электронной библиотеке РНБ
601 0 2 _aКерчь-Еникольский пехотный полк
_c135
_xИстория
_3RU\NLR\AUTH\6601766234
_92696699
686 3 _aЦ52,8(2)0-13
702 1 _aГран
_bН. А.
_gНиколай Александрович
_4220
711 0 2 _aКерчь-Еникольский пехотный полк
_c135
_3RU\NLR\AUTH\889990228
_9476000
852 _aNLR
_bЭБ
856 0 _uhttps://vivaldi.nlr.ru/bx000070550/view
856 1 _uhttps://vivaldi.nlr.ru/bx000070550/cover
856 2 _uhttps://vivaldi.nlr.ru/bx000070550/text
901 _eКнижные издания
942 _cUNSPEC
980 _aNB
981 2 2 _a(22) Материалы по истории России
_b(22) Военное дело
981 2 2 _a(22) Материалы по истории России
_b(22) История России до 25 октября (7 ноября) 1917 года